Score 0/16 Timer 05:00
0 Plays Today
Movie Clue Answer % Correct
Never ever say...never ever
85.3%
MacGruber's signature movethroat rip
78.6%
Food used in distraction techniquecelery
76.5%
3 throat rips in a rowturkey
75.4%
Famous actor played Dieter Von CunthVal Kilmer
71%
What does MacGruber leave Dieter Von Cunth at his partyupper decker
68%
MacGruber's Carmazda miata
54.4%
License plate number written in 'Clues'KFBR 392
47.9%
Movie Clue Answer % Correct
Country Vicki was shot innicaragua
46.8%
Name the missileX5
46%
Who wrote MacGruber's memoirs Cunth
44.8%
MacGruber's first wife's nameCasey
37.2%
how much is the senator 'all in' for750000
31.9%
The Colonel's first nameJim
31.2%
MacGruber's license plateMAC 1
26.8%
MacGruber's car stereo is a...Blaupunkt
25.8%
Remove Ads.
Support Sporcle.
Get the best of Sporcle when you Go Orange. This ad-free experience offers more features, more stats, and more fun while also helping to support Sporcle. Thank you for becoming a member.

You're not logged in!

Compare scores with friends on all Sporcle quizzes.
OR
Log In

Show Comments

Extras

Created Oct 23, 2010ReportNominate

Top Quizzes Today


Score Distribution

Your Account Isn't Verified!

In order to create a playlist on Sporcle, you need to verify the email address you used during registration. Go to your Sporcle Settings to finish the process.

Report this User

Report this user for behavior that violates our Community Guidelines.

Details: